<?xml version="1.0" encoding="UTF-8"?>
<collection xmlns="http://www.loc.gov/MARC21/slim">
    <record>
        <controlfield tag="001">1911</controlfield>
        <controlfield tag="005">20190219123708.0</controlfield>
        <controlfield tag="008">   "    s2008    vau|    sm    00| 0|eng d"
  </controlfield>
        <datafield tag="020" ind1=" " ind2=" ">
            <subfield code="a">978-84-691-8063-1</subfield>
        </datafield>
        <datafield tag="035" ind1=" " ind2=" ">
            <subfield code="a">(UniZar) TDR-1103108-103506</subfield>
        </datafield>
        <datafield tag="037" ind1=" " ind2=" ">
            <subfield code="a">TESIS-2008-033</subfield>
        </datafield>
        <datafield tag="041" ind1=" " ind2=" ">
            <subfield code="a">spa</subfield>
        </datafield>
        <datafield tag="100" ind1="1" ind2=" ">
            <subfield code="a">Iceta Echave, Ruth</subfield>
        </datafield>
        <datafield tag="245" ind1="0" ind2="0">
            <subfield code="a">Caracterización del transportador de serotonina humano en células Caco-2: Estudio de los mecanismos de regulación fisiológica</subfield>
        </datafield>
        <datafield tag="256" ind1=" " ind2=" ">
            <subfield code="a">Computer data - 0 files(s)</subfield>
        </datafield>
        <datafield tag="260" ind1=" " ind2=" ">
            <subfield code="a">Zaragoza</subfield>
            <subfield code="b">Universidad de Zaragoza, Universidad de Zaragoza</subfield>
            <subfield code="c">2008</subfield>
        </datafield>
        <datafield tag="502" ind1=" " ind2=" ">
            <subfield code="a">Universidad de Zaragoza, 2008-02-19</subfield>
        </datafield>
        <datafield tag="504" ind1=" " ind2=" ">
            <subfield code="a">Includes bibliographical references.</subfield>
        </datafield>
        <datafield tag="506" ind1=" " ind2=" ">
            <subfield code="a">by-nc-nd</subfield>
            <subfield code="b">Creative Commons</subfield>
            <subfield code="c">3.0</subfield>
            <subfield code="u">https://creativecommons.org/licenses/by-nc-nd/3.0/</subfield>
        </datafield>
        <datafield tag="520" ind1="3" ind2=" ">
            <subfield code="a">El transportador de serotonina (SERT) realiza la recaptación de 5-HT al interior celular, regulando así su disponibilidad y unión a receptores. La 5-HT es producida en un 99% en el tracto gastrointestinal donde actúa como regulador. El objetivo de este trabajo ha sido caracterizar la expresión de SERT en la línea celular humana de tipo enterocitario Caco-2 y estudiar su regulación fisiológica y farmacológica y los mecanismos implicados. Los resultados obtenidos muestran que las células Caco-2 expresan endógenamente SERT, que es idéntico a la proteína cerebral humana y que se encuentra regulado por las vías intracelulares mediadas por AMPc y PKC. Asimismo, tanto el tratamiento de las células con fluoxetina como con 5-HT redujo la función de SERT, debido en el caso de la fluoxetina a una internalización de SERT, independiente de PKC y PKA, y en el caso de la 5-HT a una inhibición de tipo alostérico.</subfield>
        </datafield>
        <datafield tag="538" ind1=" " ind2=" ">
            <subfield code="a">System requirements: PC, World Wide Web Browser and PDF reader</subfield>
        </datafield>
        <datafield tag="538" ind1=" " ind2=" ">
            <subfield code="a">Available electronically via Internet</subfield>
        </datafield>
        <datafield tag="653" ind1=" " ind2=" ">
            <subfield code="a">intestino</subfield>
        </datafield>
        <datafield tag="653" ind1=" " ind2=" ">
            <subfield code="a">SERT</subfield>
        </datafield>
        <datafield tag="653" ind1=" " ind2=" ">
            <subfield code="a">células Caco-2</subfield>
        </datafield>
        <datafield tag="653" ind1=" " ind2=" ">
            <subfield code="a">transportador</subfield>
        </datafield>
        <datafield tag="653" ind1=" " ind2=" ">
            <subfield code="a">Serotonina</subfield>
        </datafield>
        <datafield tag="700" ind1=" " ind2=" ">
            <subfield code="a">Alcalde Herrero, Ana Isabel</subfield>
            <subfield code="e">Director/a de la tesis</subfield>
        </datafield>
        <datafield tag="700" ind1=" " ind2=" ">
            <subfield code="a">Mesonero Gutiérrez, José Emilio</subfield>
            <subfield code="e">Codirector/a de la tesis</subfield>
        </datafield>
        <datafield tag="710" ind1="2" ind2=" ">
            <subfield code="a">Universidad de Zaragoza</subfield>
            <subfield code="b">Farmacología y Fisiología</subfield>
        </datafield>
        <datafield tag="856" ind1="4" ind2=" ">
            <subfield code="s">2436755</subfield>
            <subfield code="u">http://zaguan.unizar.es/record/1911/files/TUZ_0018_iceta_seroton.pdf</subfield>
        </datafield>
        <datafield tag="909" ind1="C" ind2="O">
            <subfield code="o">oai:zaguan.unizar.es:1911</subfield>
        </datafield>
        <datafield tag="909" ind1="c" ind2="o">
            <subfield code="p">tesis</subfield>
        </datafield>
        <datafield tag="909" ind1="C" ind2="O">
            <subfield code="p">driver</subfield>
        </datafield>
        <datafield tag="980" ind1=" " ind2=" ">
            <subfield code="a">TESIS</subfield>
        </datafield>
    </record>

    
</collection>